Ισχύουσα νομοθεσία δημοτικής εκπαιδεύσεως : με 110 σχέδια όλων τών εγγράφων νομοτύπως συντεταγμένων

Saved in:
Bibliographic Details
Main Author: Θεοδωρόπουλος, Ευθύμιος Θ.
Format: Book
Language:Greek
Published: Ιωάννινα : [χ.ό.], 1963
Subjects:
Tags: Add Tag
No Tags, Be the first to tag this record!

MARC

LEADER 00000cam a2200000 i 4500
001 1/100163
008 090105s1963 gre d
035 |l 10102749 
040 |a GR-MY-UA  |b gre  |e aacr 
041 0 |a gre 
082 0 |a 344.07  |2 (22) 
100 1 |a Θεοδωρόπουλος, Ευθύμιος Θ. 
245 1 0 |a Ισχύουσα νομοθεσία δημοτικής εκπαιδεύσεως :  |b με 110 σχέδια όλων τών εγγράφων νομοτύπως συντεταγμένων /  |c Ευθυμίου Θ. Θεοδωρόπουλου 
260 |a Ιωάννινα :   |b [χ.ό.],   |c 1963 
300 |a 197 σ.;  |c 22 εκ. 
650 0 0 |a Educational law and legislation  |z Greece. 
650 0 0 |a Education and state  |z Greece. 
650 0 0 |a Public administration  |z Greece. 
852 |a INST  |b RHODES  |c AKA  |e 20090105  |h  344.07 ΘΕΟ  |p 005400031742  |q 005400031742  |t BK  |y 0 
901 |a BIBL4-2008-3 
909 |a Ρ  |b 156707 
970 |a Κόζα  |b Μαρία  |z 2008/12/22